000 00356cam a2200145ua 4500
003 OSt
008 240325b |||||||| |||| 00| 0 eng d
041 _amal
082 _a894.81209
_bNAV/VI
245 _aVimarsanam malayalathil
250 _a4 /
260 _aCalicut :
_bNavakerala Co-operative publishing ,
_c1966.
300 _a112 ; .
942 _cBK
999 _c11605
_d11605